banner-ar

ادارة القرن الواحد والعشرين : (Record no. 62965)

MARC details
000 -الفاتح
حقل البيانات ثابتة الطول 01083nam a22002657a 4500
005 - وقت وتاريخ اخر تعامل مع التسجيلة
رقم الضبط 20240530110616.0
008 - عناصر البيانات ثابتة الطول - معلومات عامة
حقل البيانات ثابتة الطول 161130s2015 ua ak g b 000 0 ara d
017 ## - رقم الايداع القانونى
رقم الايداع القانونى 2015/22147
المصدر ( الهيئة المختصة) مصر . دار الكتب المصرية
020 ## - الرقم الدولى المعيارى للكتب
الرقم الدولى المعيارى للكتاب 9789777220651
040 ## - مصدر الفهرسة
وكالة الفهرسة الأصلية EG-CaGPL
082 04 - رقم تصنيف ديوى العشرى
رقم الطبعة 21
رقم التصنيف 658.4012\
رقم المادة ل إ
100 1# - المدخل الرئيسى - إسم شخصى
الإسم الشخصى Lindgren , Mats
245 10 - بيان العنوان
العنوان ادارة القرن الواحد والعشرين :
بقية العنوان القيادة والابتكار في اقتصاد الفكر /
بيان المسئوليه,etc Mats Lindgren ؛ ترجمة هبة عجينة
250 ## - بيان الطبعة
بيان الطبعة ط. 1
260 ## - PUBLICATION, DISTRIBUTION, ETC. (IMPRINT)
تاريخ النشر أو التوزيع 2015.
300 ## - الوصف المادى
التعداد 199 ص. :
تفاصيل ماديه اخرى للوعاء جداول ، اشكال ؛
أبعاد الوعاء 24 سم.
504 ## - تبصرة ببليوجرافية
تبصرة ببليوجرافية,الخ ببليوجرافية : ص 192 - 199
650 07 - المدخل الاضافى بالموضوع-مصطلح موضوعى
مصطلح موضوعي qrmak
التقسيم الفرعي الشكلي الادارة
650 07 - المدخل الاضافى بالموضوع-مصطلح موضوعى
مصطلح موضوعي qrmak
التقسيم الفرعي الشكلي التنمية الادارية
650 07 - المدخل الاضافى بالموضوع-مصطلح موضوعى
مصطلح موضوعي qrmak
التقسيم الفرعي الشكلي ادارة الاعمال
650 07 - المدخل الاضافى بالموضوع-مصطلح موضوعى
مصطلح موضوعي qrmak
التقسيم الفرعي الشكلي القيادة الادارية
700 0# - المدخل الاضافى - اسم شخصى
الإسم الشخصى هبة عجينة
الدور مترجم
942 ## - عناصر المدخل الإضافي( كوها)
مصدر التصنيف او مخطط الترفيف Dewey Decimal Classification
Koha [default] item type كتاب
260 ## - PUBLICATION, DISTRIBUTION, ETC. (IMPRINT)
-- القاهرة :
-- المجموعة العربية للنشر والتوزيع ،
Holdings
حالة التراجع حالة الفقد حالة تلف ليس للاعارة المكان المؤقت الموقع الحالى موقع الترفيف تاريخ الاكتساب اجمالي اﻻعارات رقم الطلب الباركود تاريخ اخر مشاهدة تاريخ تفعيل السعر نوع وعاء كوها
        مكتبة القاهرة الكبرى مكتبة القاهرة الكبرى   12/01/2016   658.4012\ ل إ 162901 12/01/2016 12/01/2016 كتاب

Powered By

EGPV